Fr. Conceicao Rodrigues College of Engineering

SWATANTRYAVEER SAVARKAR (Record no. 23177)

MARC details
000 -LEADER
fixed length control field 00296nam a2200145Ia 4500
082 ## - DEWEY DECIMAL CLASSIFICATION NUMBER
Classification number 920/KIR
100 ## - MAIN ENTRY--PERSONAL NAME
Personal name KIR/DHANANJAY
245 ## - TITLE STATEMENT
Title SWATANTRYAVEER SAVARKAR
260 ## - PUBLICATION, DISTRIBUTION, ETC.
Name of publisher, distributor, etc. Popular Prakashan
Date of publication, distribution, etc. 2012
366 ## - TRADE AVAILABILITY INFORMATION
Publishers's discount category 20
300 ## - PHYSICAL DESCRIPTION
Extent 476
546 ## - LANGUAGE NOTE
Language note ENGLISH
650 ## - SUBJECT ADDED ENTRY--TOPICAL TERM
Topical term or geographic name entry element General
942 ## - ADDED ENTRY ELEMENTS (KOHA)
Koha item type BOOK
Holdings
Withdrawn status Lost status Damaged status Not for loan Collection Home library Current library Date acquired Source of acquisition Cost, normal purchase price Inventory number Total Checkouts Full call number Barcode Date last seen Cost, replacement price Price effective from Koha item type
        AFT Fr. Agnel's C.Rodrigues College of Engineering Fr. Agnel's C.Rodrigues College of Engineering 17/03/2023 DHARMA 380.00 58/20/04/2013   920/KIR AFT8225 17/03/2023 475.00   BOOK